Dilthey’s Dream (Croatian version) (Record no. 351080)
[ view plain ]
| 000 -LEADER | |
|---|---|
| fixed length control field | 00392nam a2200121Ia 4500 |
| 008 - FIXED-LENGTH DATA ELEMENTS--GENERAL INFORMATION | |
| fixed length control field | 171212s9999 xx 000 0 und d |
| 020 ## - INTERNATIONAL STANDARD BOOK NUMBER | |
| International Standard Book Number | 9789532227505 |
| 100 ## - MAIN ENTRY--PERSONAL NAME | |
| Personal name | Freeman, Derek |
| 245 ## - TITLE STATEMENT | |
| Statement of responsibility, etc | Freeman, Derek |
| Title | Dilthey’s Dream (Croatian version) |
| Remainder of title | Essays on human nature and culture |
| 260 ## - PUBLICATION, DISTRIBUTION, ETC. (IMPRINT) | |
| Name of publisher, distributor, etc | ANU E Press |
| Date of publication, distribution, etc | 2016 |
| 650 ## - SUBJECT ADDED ENTRY--TOPICAL TERM | |
| Topical term or geographic name as entry element | Anthropology |
| 856 ## - ELECTRONIC LOCATION AND ACCESS | |
| Uniform Resource Identifier | <a href="http://jstor.org/stable/j.ctt1rrd7pt">http://jstor.org/stable/j.ctt1rrd7pt</a> |
| Withdrawn status | Lost status | Damaged status | Home library | Current library | Date acquired | Total Checkouts | Date last seen | Price effective from | Koha item type |
|---|---|---|---|---|---|---|---|---|---|
| College Library | College Library | 12/12/2017 | 12/12/2017 | 12/12/2017 | Curriculum - Based eBooks |